书目信息 |
| 题名: |
古文字形发微
|
|
| 作者: | 康殷 著 | |
| 分册: | ||
| 出版信息: | 北京 北京出版社 1990 |
|
| 页数: | 814页 | |
| 开本: | 26cm | |
| 丛书名: | ||
| 单 册: | ||
| 中图分类: | H123 | |
| 科图分类: | ||
| 主题词: | 汉字-古文字学 , 古文字学-汉字 | |
| 电子资源: | ||
| ISBN: | 7-200-00975-X | |
| 000 | 00673nam0 2200229 45 | |
| 001 | 0196109166 | |
| 005 | 20061102082746.09 | |
| 010 | @a7-200-00975-X@b精装@dCNY36.00 | |
| 100 | @a19961014d1990 kemy0chiy0120 ea | |
| 101 | 0 | @achi |
| 102 | @aCN@b110000 | |
| 105 | @af z 000yy | |
| 200 | 10 | @a古文字形发微@Agu wen zi xing fa wei@f康殷著 |
| 210 | @a北京@c北京出版社@d1990 | |
| 215 | @a814页@c照片@d26cm | |
| 304 | @a康殷(1926- ),号大康,祖籍河北乐亭,北京师范学院研究员,中国书法家协会理事,秦文学会副会长等 | |
| 606 | @a汉字-古文字学 | |
| 606 | @a古文字学-汉字 | |
| 690 | @aH123@v3 | |
| 701 | 0 | @a康殷@Akang yin@4著 |
| 801 | 0 | @aCN@bTSSF@c20061102 |
| 905 | @a10447@dH123@e60 | |
| 古文字形发微/康殷著.-北京:北京出版社,1990 |
| 814页:照片;26cm |
| ISBN 7-200-00975-X(精装):CNY36.00 |
| ● |
| 相关链接 |
|
|
|
|
正题名:古文字形发微
索取号:H123/60
 
预约/预借
| 序号 | 登录号 | 条形码 | 馆藏地/架位号 | 状态 | 备注 |
| 1 | 0231582 | 202078205 | 第二样本阅览室/ [索取号:H123/60] | 在馆 |